Wanita berkarier dan cabarannya [

Bibliographic Details
Format: Book
Published: Bangi : INSPEN , 1999
Subjects:

MARC

LEADER 00000cam a2200000 7i4500
001 0000019228
005 20070529.0
040 |a INS 
090 0 0 |a HD6055.5 1999 
245 0 0 |a Wanita berkarier dan cabarannya [  |h cakera video]   |c oleh Dr. Mashitah Ibrahim pada 4 Jun 1999, bertempat di Dewan Kuliah INSPEN 
260 |a Bangi :   |b INSPEN ,   |c 1999 
300 |a 1 cakera padat (68 min.) :   |b sd.,col. ;   |c 3/4 in. 
650 0 0 |a Mothers   |x Employment 
650 0 0 |a Women employees 
999 |a VCD0000917   |b VIDEO CD   |c Media Collection   |e Default branch